<The> Two July 1968 Coups in Iraq: The Bacth is Returning to Power

Analýza politického režimu v Iraku po júnovej vojne.

Na minha lista:
Detalhes bibliográficos
Autor principal: Sorby, Karol R.
Formato: Capítulo de Livro
Idioma:inglês
Assuntos:
Tags: Adicionar Tag
Sem tags, seja o primeiro a adicionar uma tag!

MARC

LEADER 00000nla a2200000 4500
001 0238467
005 20240502073847.1
041 0 |a eng 
044 |a SK 
245 1 0 |a <The> Two July 1968 Coups in Iraq: The Bacth is Returning to Power  |c Karol R. Sorby 
520 |a Analýza politického režimu v Iraku po júnovej vojne. 
610 2 0 |a Irak 
610 2 0 |a situácia politická 
610 2 0 |a konflikty 
610 2 0 |a politika medzinárodná 
100 1 |a Sorby, Karol R.